| 000 | 01627nam a2200421 i 4500 | ||
|---|---|---|---|
| 001 | 29272 | ||
| 003 | KOSZ 005 | ||
| 005 | 20210210083914.0 | ||
| 008 | 961010s1990 pl a f |000 0 pol d | ||
| 040 |
_cKOSZ 005 _aKOSZ 005 _dKOSZ 005/HR |
||
| 046 | _k1990 | ||
| 080 | _a628.54 | ||
| 080 | _a621.921/.924 | ||
| 100 | 1 |
_aPiecuch, Tadeusz _d(1946-2018) _eAutor |
|
| 245 | 0 |
_aOdzysk materiałów ściernych wolframu i stali wolframowej ze szlamów poprodukcyjnych / _cTadeusz Piecuch. |
|
| 260 |
_aKoszalin : _bWydawnictwo Uczelniane WSI, _c1990. |
||
| 300 |
_a127 s. : _bfot., wykr. ; _c24 cm. |
||
| 336 |
_2rdacontent _aTekst _btxt |
||
| 337 |
_2rdamedia _aBez urządzenia pośredniczącego _bn |
||
| 338 |
_2rdacarrier _aWolumin _bnc |
||
| 380 | _aKsiążki | ||
| 380 | _aPublikacje naukowe | ||
| 388 | _a1901-2000 | ||
| 388 | _a1989-2000 | ||
| 490 | 1 |
_aMonografie / Wyższa Szkoła Inżynierska w Koszalinie, _x0239-7129 ; _vnr 29 |
|
| 504 | _aBibliogr. s. 111. | ||
| 650 | 4 | _aOdpady | |
| 650 | 4 | _aSzlam | |
| 650 | 4 | _aMateriały ścierne | |
| 650 | 4 | _aZwiązki wolframu | |
| 650 | 4 | _aRecykling | |
| 658 | _aInżynieria i technika | ||
| 710 | 2 |
_aWydawnictwo Uczelniane (Wyższa Szkoła Inżynierska ; Koszalin) _4pbl. |
|
| 830 | 0 |
_aMonografie - Wyższa Szkoła Inżynierska, Koszalin _vnr 29 |
|
| 856 |
_uhttp://dlibra.tu.koszalin.pl/dlibra/docmetadata?id=367&from=&dirids=1&ver_id=&lp=1&QI= _yBiblioteka Cyfrowa |
||
| 856 |
_uhttp://koha.tu.koszalin.pl/cgi-bin/koha/opac-detail.pl?biblionumber=29272 _yKatalog online BPK |
||
| 942 |
_cKS _2UKD |
||
| 999 |
_c29272 _d29272 |
||